logo

Bir Sreshtho Munshi Abdur Rouf Library
Jhenaidah Cadet College

The loved one / (Record no. 7078)

MARC details
000 -LEADER
fixed length control field 00757nam a22002537a 4500
001 - CONTROL NUMBER
JCCL Control Number 7078
003 - CONTROL NUMBER IDENTIFIER
JCCL marc code BD-JhCC
005 - DATE AND TIME OF LATEST TRANSACTION
control field 20180204180429.0
008 - FIXED-LENGTH DATA ELEMENTS--GENERAL INFORMATION
fixed length control field 731001s1967 enk 000 1 eng
035 ## - SYSTEM CONTROL NUMBER
system control number (BD-JhCC)7078
040 ## - CATALOGING SOURCE
Original cataloging agency DLC
Transcribing agency DLC
Modifying agency UKM
-- EQO
-- BD-JhCC
041 ## - LANGUAGE CODE
Language code of Book eng
050 00 - LIBRARY OF CONGRESS CALL NUMBER
Classification number PZ3.W356
Item number Lo7
082 04 - DEWEY DECIMAL CLASSIFICATION NUMBER
Classification number 823.912
DDC Edition number 18
Author mark and Year WAU 1967
100 1# - MAIN ENTRY--PERSONAL NAME
Personal name Waugh, Evelyn,
Dates associated with a name 1903-1966.
245 14 - TITLE STATEMENT
Title The loved one /
Statement of responsibility, etc with introduction, glossary and notes by Linton Stone.
260 ## - PUBLICATION, DISTRIBUTION, ETC. (IMPRINT)
Place of publication, distribution, etc London :
Name of publisher, distributor, etc Heinemann,
Date of publication, distribution, etc 1967.
300 ## - PHYSICAL DESCRIPTION
Pagination 102 p.
Dimensions 18 1/2 cm.
650 #0 - SUBJECT ADDED ENTRY--TOPICAL TERM
Topical term or geographic name as entry element Motion picture industry
Geographic subdivision California
-- Los Angeles
Form subdivision Fiction.
650 #0 - SUBJECT ADDED ENTRY--TOPICAL TERM
Topical term or geographic name as entry element Readers.
650 #0 - SUBJECT ADDED ENTRY--TOPICAL TERM
Topical term or geographic name as entry element English Fiction
651 #0 - SUBJECT ADDED ENTRY--GEOGRAPHIC NAME
Geographic name Hollywood (Los Angeles, Calif.)
General subdivision Fiction.
942 ## - ADDED ENTRY ELEMENTS (KOHA)
Source of classification or shelving scheme Dewey Decimal Classification
Koha item type Books
Holdings
Source of classification or shelving scheme Damaged status Not for loan Home library Current library Shelving location Date of accession Total Checkouts Full call number Barcode Date last seen Copy number Koha item type
Dewey Decimal Classification     JCC Rouf Library JCC Rouf Library General Stacks 02/04/2018   823.912 WAU 1967 9684 02/04/2018 C-1 Books

JCC Library | Contacts | JCC Home

Last Update on 23 September 2017
Copyright @ 2017-2020 JCC Rouf Library
Rouf Library, Jhenidah Cadet College (JCC), Bangladesh